| 000 | 00643nam a2200181 a 4500 | ||
|---|---|---|---|
| 001 | 000038696 | ||
| 005 | 20201002031334.0 | ||
| 008 | 130418s1987 dr ac 000 0 spa d | ||
| 040 |
_aDO-SdBNP _bspa _cBNPHU |
||
| 100 | 1 |
_aMalavet Vega, Pedro _959984 |
|
| 245 | 1 | 3 |
_aLa vellonera está directa : _bFelipe Rodríguez (la voz) y los años 50 / _cPedro Malavet Vega. |
| 250 | _a3a ed. | ||
| 260 |
_aSanto Domingo : _bCorrípio, _c1987. |
||
| 300 |
_a470 p. : _bils., retrs. ; _c24 cm. |
||
| 500 | _aIncluye datos biográficas del autor en la contracubierta | ||
| 500 | _aIncluye notas al pie de las páginas | ||
| 504 | _aBibliografía : p. 443-449 | ||
| 999 |
_c38186 _d38186 |
||